<?xml version="1.0" encoding="UTF-8"?>
<record
    xmlns:xsi="http://www.w3.org/2001/XMLSchema-instance"
    xsi:schemaLocation="http://www.loc.gov/MARC21/slim http://www.loc.gov/standards/marcxml/schema/MARC21slim.xsd"
    xmlns="http://www.loc.gov/MARC21/slim">

  <leader>03472nam a22003257u 4500</leader>
  <controlfield tag="001">pwiiw5978</controlfield>
  <controlfield tag="003">OSt</controlfield>
  <controlfield tag="005">20260516120049.0</controlfield>
  <controlfield tag="008">211115t2021    au ||||| |||||||| ||ger d</controlfield>
  <datafield tag="040" ind1=" " ind2=" ">
    <subfield code="c">OSt</subfield>
  </datafield>
  <datafield tag="041" ind1=" " ind2=" ">
    <subfield code="a">ger</subfield>
  </datafield>
  <datafield tag="084" ind1=" " ind2=" ">
    <subfield code="a">J24</subfield>
    <subfield code="a">J61</subfield>
    <subfield code="a">J62</subfield>
    <subfield code="2">jelc</subfield>
  </datafield>
  <datafield tag="100" ind1="1" ind2=" ">
    <subfield code="a">Landesmann, Michael</subfield>
  </datafield>
  <datafield tag="245" ind1="1" ind2="0">
    <subfield code="a">Problematik der Arbeitsmarktintegration von gefl&#xFC;chteten in &#xD6;sterreich in Zeiten der Coronakrise  - Sonderauswertung des FIMAS Fl&#xFC;chtlingspanels</subfield>
  </datafield>
  <datafield tag="260" ind1=" " ind2=" ">
    <subfield code="a">Wien :</subfield>
    <subfield code="b">Wiener Institut f&#xFC;r Internationale Wirtschaftsvergleiche (wiiw),</subfield>
    <subfield code="c">2021.</subfield>
  </datafield>
  <datafield tag="300" ind1=" " ind2=" ">
    <subfield code="a">46 S., </subfield>
    <subfield code="b">6 Tables and 6 Figures,</subfield>
    <subfield code="c">30cm.</subfield>
  </datafield>
  <datafield tag="490" ind1="1" ind2=" ">
    <subfield code="a">wiiw Research Reports in German Language</subfield>
    <subfield code="v">19</subfield>
  </datafield>
  <datafield tag="520" ind1=" " ind2=" ">
    <subfield code="a">This publication is available in German language only.

For a brief English summary see further below.

Diese Studie analysiert Effekte der Coronakrise auf die Arbeitsmarktintegration von in &#xD6;sterreich lebenden Asylberechtigten und subsidi&#xE4;r Schutzberechtigten aus den Herkunftsl&#xE4;ndern Syrien, Afghanistan, Irak und Iran. Die Analyse basiert auf einem Panel von Fl&#xFC;chtlingen, die sowohl an der dritten Welle der sogenannten FIMAS Befragung (im Fr&#xFC;hjahr 2019) als auch der vierten Welle (im Herbst 2020) teilgenommen haben. Der Vergleich der Arbeitsmarktsituation dieser Personengruppe im Fr&#xFC;hjahr 2019 &#x2013; vor Beginn der Coronakrise &#x2013; mit jener im Herbst 2020 &#x2013; w&#xE4;hrend der Coronakrise &#x2013; erm&#xF6;glicht eine genaue Analyse der Effekte der Coronakrise auf die Arbeitsmarktintegration dieser Fl&#xFC;chtlingsgruppe. Folgendes sind die wichtigsten Resultate dieser Studie: Insgesamt blieben viele der Fl&#xFC;chtlinge in Besch&#xE4;ftigung oder wechselten entweder aus der Arbeitslosigkeit oder der Inaktivit&#xE4;t in die Besch&#xE4;ftigung. Jedoch erfuhren weibliche Gefl&#xFC;chtete und Gefl&#xFC;chtete mit hohem (terti&#xE4;rem) Ausbildungsniveau w&#xE4;hrend der Coronakrise eine Verschlechterung ihrer Arbeitsmarktsituation.

English Summary

Labour market integration of refugees in Austria in times of the Corona crisis

Special analysis of the FIMAS Refugee Panel

This study analyses the effects of the Corona crisis on the labour market integration of recognised refugees and beneficiaries of&#xA0;subsidiary protection from Syria, Afghanistan,&#xA0;Iraq&#xA0;and Iran who live in Austria. The analysis is based on a panel of refugees who participated in both the third wave of the so-called FIMAS survey (conducted in spring 2019) and the fourth wave (conducted in autumn 2020). The comparison of the labour market situation of this group of refugees in spring 2019 - before the start of the Corona crisis - with that in autumn 2020 - during the Corona crisis - allows a detailed analysis of the effects of the Corona crisis on their labour market integration. The following are the main findings of this study: Overall, many of the refugees remained in employment or moved either from unemployment or inactivity into employment. However, female refugees and refugees with high (tertiary) education levels experienced a deterioration of their labour market situation during the Corona crisis.
</subfield>
  </datafield>
  <datafield tag="650" ind1=" " ind2=" ">
    <subfield code="a">Fl&#xFC;chtlinge</subfield>
  </datafield>
  <datafield tag="650" ind1=" " ind2=" ">
    <subfield code="a">Coronakrise</subfield>
  </datafield>
  <datafield tag="650" ind1=" " ind2=" ">
    <subfield code="a">Arbeitsmarkttransitionen</subfield>
  </datafield>
  <datafield tag="650" ind1=" " ind2=" ">
    <subfield code="a">atypische Besch&#xE4;ftigung</subfield>
  </datafield>
  <datafield tag="650" ind1=" " ind2=" ">
    <subfield code="a">Berufsverl&#xE4;ufe</subfield>
  </datafield>
  <datafield tag="651" ind1=" " ind2=" ">
    <subfield code="a">Austria</subfield>
  </datafield>
  <datafield tag="690" ind1=" " ind2=" ">
    <subfield code="a">Labour, Migration and Income Distribution</subfield>
  </datafield>
  <datafield tag="700" ind1="1" ind2=" ">
    <subfield code="a">Leitner, Sandra M.</subfield>
  </datafield>
  <datafield tag="830" ind1=" " ind2="0">
    <subfield code="v">19</subfield>
    <subfield code="w">WIIW0000108</subfield>
    <subfield code="t">wiiw Research Reports in German Language</subfield>
  </datafield>
  <datafield tag="856" ind1="4" ind2="0">
    <subfield code="u">https://wiiw.ac.at/p-5978.html</subfield>
  </datafield>
  <datafield tag="942" ind1=" " ind2=" ">
    <subfield code="c">P</subfield>
  </datafield>
  <datafield tag="999" ind1=" " ind2=" ">
    <subfield code="c">8951</subfield>
    <subfield code="d">8951</subfield>
  </datafield>
  <datafield tag="952" ind1=" " ind2=" ">
    <subfield code="0">0</subfield>
    <subfield code="1">0</subfield>
    <subfield code="4">0</subfield>
    <subfield code="7">0</subfield>
    <subfield code="a">BIB</subfield>
    <subfield code="b">BIB</subfield>
    <subfield code="c">1</subfield>
    <subfield code="d">2021-11-15</subfield>
    <subfield code="i">pwiiw5978</subfield>
    <subfield code="l">0</subfield>
    <subfield code="p">1000010005978</subfield>
    <subfield code="r">2021-11-15 00:00:00</subfield>
    <subfield code="w">2021-11-15</subfield>
    <subfield code="y">P</subfield>
  </datafield>
</record>
